000 00962nam a22002537a 4500
005 20170123162340.0
010 _aA-794942
020 _c15.00
035 _aA-794942
037 _bCen Lib/Ret
040 _aDPL
_bUR
082 _a270.22
_bف ا ر
100 _aفاروقی، نثاراحمد
_9123022
245 _aانوار قرآن :
_cنثار احمد فاروقی
_bیعنی اسلامی تصوف کے حوالے سے قرآن فہمی کے چند پہلو /
246 _aAnwar-e-Quran : yani islami tasavvuf ke hawale se Quran fami ke chand pahlu /
_bby Nisaar Ahmad Farooqi /
260 _aنیی دہلی
_bمکتبہ جامہ لیٹڈ
_c1995
270 _bنیی دہلی
_aجامہ نگر
_e110025
300 _a87p.
_c21cm(Hb)
650 _a مذہب - اسلام
_9126624
650 _aقرآن
_9536
650 _aReligion -- Islam
_992070
650 _aQuran
_9126625
942 _2ddc
_cUR
_h270.22
_mف ا ر
999 _c108435
_d108435